Quizzes
Events
Quiz Creation
Community
Videos
Private Events
Remove Ads
Sign In
Join for FREE
Feedback
Dark Mode
Quiz Categories
Sports
Geography
Music
Movies
Television
Just For Fun
Miscellaneous
History
Literature
Language
Science
Gaming
Entertainment
Religion
Holiday
For Kids
Quiz Lab
Recent
Popular Today
Quiz Kudos Today
Editor Picks
Curator Picks
Quizzes by...
Day
Popularity
Type
Ratings
Length
Year
Community
Subscriptions
Recent Discussions
Orange Saloon
Badges
Playlists
Quests
Create
Leaderboards
Showdown
Live 5
Trivia Bingo
Activity
Puzzle Library
Sporcle Events
Private Events
Virtual Trivia
Globe League
Become a Host
Pub Owners
SporcleCon
Opinionation
Our Games
Videos
Blog
Mobile Apps
Partnerships
Remove Ads and Go Orange
Feedback
Language
Vocabulary
Begins and Ends
Definition
Spanish
French
German
Italian
Chinese
Latin
Translation
Japanese
Language
Vocabulary
Begins and Ends
Definition
Spanish
French
German
Italian
Chinese
Latin
Translation
Japanese
Random Quiz
Search Sporcle
×
Quiz Lab
Quiz Lab
Language
Board Games
Type in answers that appear in a list
Type in answers that appear in a list
Classic
Best Score? Go Orange.
Words ending in 'board' Stats
Can you name the words ending in board?
By
project_euh_guy
7m
23 Questions
42 Plays
42 Plays
42 Plays
Comments
Comments
Give Quiz Kudos
Give Quiz Kudos
-
- Ratings
hide this ad
More Info
Random Order
Randomize order of answers
Randomize order of answers
Replay
Link that replays current quiz
Next Quiz
Link to next quiz in quiz playlist
You Got
0%
They Got
Avg Score
80%
Avg Friend Score
Upgrade to see
Score Distribution
Jump to the score distribution portion of the page
Score
0/23
Timer
07:00
0
Plays Today
Definition
Board words
% Correct
Used in schools, written on with chalk
chalkboard
97.6%
On a train, the conductor will say 'all _
_
_
_
_
!'
aboard
92.9%
On side of highway, used for advertising really big ads
billboard
92.9%
A board with a clip at the top, used for holding papers and used to write on
clipboard
92.9%
At a sports event, used to keep score
scoreboard
92.9%
What you ride the waves with
surfboard
92.9%
Usually in the form of a box that homeless people live in, or a _
_
_
_
_
_
box
cardboard
90.5%
The board where you play the game where you say 'checkmate'
chessboard
90.5%
What you ride on the streets or on ramps
skateboard
90.5%
What you ride on snow slopes
snowboard
90.5%
Meaning when you have gone too far, you have gone _
_
_
_
_
overboard
88.1%
The back of a basketball hoop
backboard
85.7%
Definition
Board words
% Correct
Where you play darts
dartboard
85.7%
To the right, if you're on a boat
starboard
83.3%
An electric piano
keyboard
81%
Part of car under windshield
dashboard
78.6%
Old method to wash clothes, also a hillbilly instrument
washboard
76.2%
The board where you play the game where you say 'king me' and 'double jumped'
checkerboard
69%
Used in schools, written on with Expo markers
whiteboard
69%
Game usually played by older people that involves using a stick to slide a puck in to a triangle, getting a different amount of points for where it lands
shuffleboard
61.9%
The boards on the ground
floorboard
59.5%
In games, used to show who has the high score
leaderboard
54.8%
Helps you float in pool, usually propelled with your legs
kickboard
26.2%
Quiz Playlist
Details
Report
Send in Message
Add To Playlist
More Info:
This game sure won't leave you "board"!
Classic:
Type in answers that appear in a list
Random Order:
Randomize order of answers
Last Updated: Feb 16, 2017
Quiz Scoreboard
CHALLENGE
Sign Up to Join the Scoreboard
Show All
Scores
Hide
Comments
May contain spoilers
Recently Published
Alphabetical 'K' Countries by Flag Minefield
by ylime102
Geography
3m
Pick 6: Fruits
by JohnFran
Miscellaneous
15s
Click the 1999 NBA Draft
by nibperrychub
Sports
2m
More to Explore
Quiz From the Vault
Featured Blog Post
15 Basketball Trivia Facts You Can Be March Mad About
hide this ad
You Might Also Like...
Tags
Board Games Quiz
Definition Quiz
Ending
Today's Top Quizzes in Language
Browse Language
hide this ad
Today's Top Quizzes in Board Games
Browse Board Games
Top Contributed Quizzes in Language
1
Spanish Seasons
2
Spring or Fall
3
Multilingual Seasons
4
Russian Alphabet (Picture Click)
5
Trivia Jigsaw: Language
6
Guess the Word in 3 Words
7
JLPT N5 Kanji
8
Vocabulary Blitz 71
9
IPA Vowel Identification
10
Einsilbige Reime auf Chips
Explore More
Trending Topics
NBA
Marvel
Crossword
Disney
Anime
Harry Potter
Kpop
Song
The Office
Country
Puzzle
Soccer
NFL
Pokémon
WWE
hide this ad
More By:
project_euh_guy
Quiz
Plays
Rating
Category
Featured
Created
9 Most Popular Gameshows by Host
122
Television
Dec 1, 2011
Words ending in 'board'
42
3.50
Language
Nov 23, 2011
Geeky (and Annoying) Gaming Words
34
4.00
Language
Nov 19, 2011
Go to Creator's Profile
Score Distribution
Quiz Creator Spotlight
project_euh_guy
Follow
Send a Message
Quizzes Created
-
Created Quiz Play Count
-
More By This Creator
Popular Quizzes Today
1
Find the US States - No Outlines Minefield
2
Countries of Asia Without Outlines Minefield
3
Pick 6: Fruits
4
Alphabetical 'K' Countries by Flag Minefield
5
The Countries of the World
6
Click the 1999 NBA Draft
7
Find the US States
8
Match the Book to the Film X
More Language Quizzes
Double Letter Words (A-Z)
Published
Trending Quizzes
Pick 6: Harry Potter
Pick 6: Mountains
Pick 6: NFL Teams
Pick 6: Golfers
Pick 6: Movie Franchises
Recently Updated
Women's Final Four Teams by Year
bhenderson79
Presidents Quartet II
eogle
Anything But Clue(do)
eogle
Anything But Oceanian Capitals
eogle
Anything But 7
eogle
Anything But Thing
eogle
Word Ladder: February 29
pecheneg
Song Title Questions
pecheneg
Women's NCAA Tournament #1 Seeds
pecheneg
Celebrity Mug Shots
pecheneg
Trending Topics
Kpop
Harry Potter
Disney
Anime
NBA
Marvel
Crossword
Song
Pokémon
WWE
The Office
Country
NFL
Puzzle
Soccer
Your Account Isn't Verified!
In order to create a playlist on Sporcle, you need to verify the email address you used during registration. Go to your
Sporcle Settings
to finish the process.
Report this User
Report this user for behavior that violates our
Community Guidelines
.
Details:
Send Report
Go to the Sporcle.com Mobile Site →
Comments